Determination of complex reaction mechanisms: analysis of chemical biological and genetic networks. (Record no. 165142)
[ view plain ]
| 000 -LEADER | |
|---|---|
| fixed length control field | 00673nam a2200181Ia 4500 |
| 008 - FIXED-LENGTH DATA ELEMENTS--GENERAL INFORMATION | |
| fixed length control field | 210423s2006 xx 000 0 und d |
| 020 ## - INTERNATIONAL STANDARD BOOK NUMBER | |
| International Standard Book Number | 0-19-517868-8 |
| 041 ## - LANGUAGE CODE | |
| Language code of text/sound track or separate title | eng |
| 082 ## - DEWEY DECIMAL CLASSIFICATION NUMBER | |
| Classification number | 541.394 ROSD |
| 100 ## - MAIN ENTRY--PERSONAL NAME | |
| Personal name | ROSS (John);SCHREIBER (Igor);VLAD (Marcel O). |
| 245 ## - TITLE STATEMENT | |
| Title | Determination of complex reaction mechanisms: analysis of chemical biological and genetic networks. |
| 260 ## - PUBLICATION, DISTRIBUTION, ETC. | |
| Place of publication, distribution, etc. | Oxford |
| Name of publisher, distributor, etc. | Oxford University Press |
| Date of publication, distribution, etc. | 2006 |
| 300 ## - PHYSICAL DESCRIPTION | |
| Extent | ix,226 |
| Other physical details | PB |
| 365 ## - TRADE PRICE | |
| Price amount | 6233.5 |
| Currency code | USD |
| 650 ## - SUBJECT ADDED ENTRY--TOPICAL TERM | |
| Topical term or geographic name entry element | Chemistry |
| 650 ## - SUBJECT ADDED ENTRY--TOPICAL TERM | |
| Topical term or geographic name entry element | Physical & Theoretical Chemistry |
| 906 ## - LOCAL DATA ELEMENT F, LDF (RLIN) | |
| a | analysis ; biological ; chemical ; complex ; Determination ; genetic ; mechanisms: ; networks. ; reaction |
| Withdrawn status | Lost status | Damaged status | Not for loan | Collection code | Home library | Current library | Date acquired | Source of acquisition | Cost, normal purchase price | Total Checkouts | Full call number | Barcode | Date last seen | Price effective from | Koha item type |
|---|---|---|---|---|---|---|---|---|---|---|---|---|---|---|---|
| Analytical Chemistry | St Aloysius PG Library | St Aloysius PG Library | 12/19/2013 | Kiran Book Centre | 6233.50 | 541.394 ROSD | PG011640 | 08/24/2022 | 04/26/2021 | Book |